Diccionario de Teología
Gespeichert in:
| 1. Verfasser: | |
|---|---|
| Format: | Buch |
| Sprache: | Spanisch |
| Veröffentlicht: |
Barcelona, España
Herder
1973
|
| Schlagworte: | |
| Tags: |
Tag hinzufügen
Keine Tags, Fügen Sie den ersten Tag hinzu!
|
MARC
| LEADER | 00000nam a2200000 a 4500 | ||
|---|---|---|---|
| 001 | UCZ3463 | ||
| 003 | CL-VaPUC | ||
| 005 | 20220122074431.0 | ||
| 008 | 951020e19730000SP |||||||||||||||||spa|d | ||
| 999 | |c 239935 |d 239933 | ||
| 040 | |c Pontificia Universidad Católica de Valparaíso | ||
| 082 | 0 | 4 | |a 203 BOU 1973 |2 21 |
| 100 | 0 | |a Bouyer, Louis |9 347223 | |
| 245 | 1 | 0 | |a Diccionario de Teología |
| 260 | 0 | 3 | |a Barcelona, España |b Herder |c 1973 |
| 300 | |a 653 páginas | ||
| 583 | |a last modification |c 19951020 00:00:00 |k Rodrigo Vera | ||
| 650 | 0 | |a Teología |9 258766 | |
| 650 | 0 | |a Diccionarios |9 256200 | |
| 650 | 0 | |a Español |9 255372 | |
| 942 | |c BK |2 ddc | ||
| 945 | |d 19951020 00:00:00 |a aalvarez | ||
| 952 | |0 0 |1 0 |2 ddc |4 0 |6 203_000000000000000_BOU_1973 |7 0 |8 F |9 251478 |a BIBTEO |b BIBTEO |d 2019-11-18 |i 2020483 |o 203 BOU 1973 |p 2020483 |r 2025-01-17 |t 1 |w 2019-11-18 |y BK_F |k ICR | ||